Welcome to the Holygrace Academy Library

Please use search bar below to get started

ROMANCING THE SHRIEK (Record no. 5641)

MARC details
000 -LEADER
fixed length control field 00326nam a22001457a 4500
020 ## - INTERNATIONAL STANDARD BOOK NUMBER
ISBN 0-439-11547-7
082 ## - DEWEY DECIMAL CLASSIFICATION NUMBER
Classification number 823
Item number AUE/R
100 ## - MAIN ENTRY--AUTHOR NAME
Personal name AUERBAQCH, AQNNIE
245 ## - TITLE STATEMENT
Title ROMANCING THE SHRIEK
260 ## - PUBLICATION, DISTRIBUTION, ETC. (IMPRINT)
Place of publication NEW YORK
Name of publisher SCHOLASTIC INC
Year of publication 1999
300 ## - PHYSICAL DESCRIPTION
Number of Pages 60
520 ## - SUMMARY, ETC.
Summary, etc ENGLISH STORY
650 ## - SUBJECT ADDED ENTRY--TOPICAL TERM
Topical Term ENGLISH STORY
942 ## - ADDED ENTRY ELEMENTS (KOHA)
Koha item type Books
Holdings
Withdrawn status Lost status Collection code Home library Current library Shelving location Date acquired Source of acquisition Cost, normal purchase price Full call number Accession Number Koha item type
    Fiction Main Library Main Library SHELF 15-I-CHILDREN'S STORYBOOKS 06/03/2012 Purchase 40.00 823 AUE/R 06296 Books